Manual de casos prc̀ticos de ISR 2016

Bibliographic Details
Main Author: Přez Chavez, Jos ̌
Format: Book
Language:Spanish
Published: Madrid Tax Editores 2016
Subjects:
Online Access:Acceso restringido

MARC

LEADER 00000nam a22000007a 4500
005 20160622123422.0
007 cr|||| ||
008 160622s2016 mx ||||| |||| 00| 0 spa d
020 |a 978-607-440-875-1 
035 |a 14303 
040 |a vLex 
090 |c 6206  |d 6206 
100 1 |a Přez Chavez, Jos ̌ 
245 1 0 |a Manual de casos prc̀ticos de ISR 2016  |h [Recurso electronico] /   |c Jos ̌Přez Chavez  
256 |a Servicio en linea 
260 |a Madrid  |b Tax Editores  |c 2016 
300 |a 1 recurso electronico 
500 |a Entre los tributos ms̀ importantes del sistema fiscal mexicano se encuentra el Impuesto sobre la Renta (ISR), el cual, por lo general, grava la renta (utilidades) de las personas tanto fs̕icas, como morales. Por est ̀razn̤, hemos elaborado la presente obra, denominada Manual de casos prc̀ticos de ISR. Su principal objetivo es presentar a los lectores un extenso anl̀isis de las disposiciones fiscales relacionadas con dicho gravamen mediante el marco ter̤ico de cada tema y la resolucin̤ de diversos casos prc̀ticos. Este libro se encuentra actualizado con el nuevo Reglamento de la Ley del ISR, publicado en el Diario Oficial de la Federacin̤ el 8 de octubre de 2015, el cual entr ̤en vigor el 9 de octubre del mismo aǫ. Esta obra va dirigida a quienes se encargan del cumplimiento de las obligaciones fiscales de las personas fs̕icas y morales, a los contadores que se dedican a dar asesora̕ fiscal, a los maestros de impuestos, a los estudiantes y, en general, a cualquier persona que se interese en la materia fiscal. 
506 1 |a Contenido solo disponible en los productos indicados  |d vLex Global  |d vLex Global (Academic Edition, excluding Law Schools)  |d vLex Global (U.S. Academic Edition, Law Schools)  |d vLex Global (U.S. Academic Edition, excluding Law Schools)  |d vLex Global (Academic Edition, Law Schools) 
650 0 4 |a Derecho  |z Mexico 
740 0 |a vLex libros (servicio en linea) 
856 4 0 |u http://vlex.com/source/manual-de-casos-practicos-de-isr-2016-14303  |z Acceso restringido 
942 |c BOOK 
999 0 |a Law  |b Mexico